<?xml version="1.0" encoding="UTF-8"?>
<record
    xmlns:xsi="http://www.w3.org/2001/XMLSchema-instance"
    xsi:schemaLocation="http://www.loc.gov/MARC21/slim http://www.loc.gov/standards/marcxml/schema/MARC21slim.xsd"
    xmlns="http://www.loc.gov/MARC21/slim">

  <leader>02599nam a2200313 i 4500</leader>
  <controlfield tag="003">DO-SdBNP</controlfield>
  <controlfield tag="005">20250605111156.0</controlfield>
  <controlfield tag="007">ta</controlfield>
  <controlfield tag="008">250605b2022    dr a|||| |||| 00| 0 spa d</controlfield>
  <datafield tag="020" ind1=" " ind2=" ">
    <subfield code="a">9781792385049</subfield>
  </datafield>
  <datafield tag="040" ind1=" " ind2=" ">
    <subfield code="a">DO-SdBNP</subfield>
    <subfield code="b">spa</subfield>
    <subfield code="c">BNPHU</subfield>
    <subfield code="e">rda</subfield>
  </datafield>
  <datafield tag="041" ind1=" " ind2=" ">
    <subfield code="a">spa</subfield>
  </datafield>
  <datafield tag="082" ind1=" " ind2="4">
    <subfield code="a">xxx</subfield>
    <subfield code="b">S684v</subfield>
    <subfield code="2">22</subfield>
  </datafield>
  <datafield tag="100" ind1="1" ind2=" ">
    <subfield code="a">Sola, Augusto,</subfield>
    <subfield code="e">autor</subfield>
    <subfield code="4">aut.</subfield>
    <subfield code="9">87911</subfield>
  </datafield>
  <datafield tag="245" ind1="1" ind2="0">
    <subfield code="a">Ventilaci&#xF3;n mec&#xE1;nica neonatal a la manera de SIBEN : </subfield>
    <subfield code="b">desde la fisiolog&#xED;a al cuidado cl&#xED;nico /</subfield>
    <subfield code="c">Augusto Sola, Marcelo Cardetti, Sergio Golombek</subfield>
  </datafield>
  <datafield tag="250" ind1=" " ind2=" ">
    <subfield code="a">Primera edici&#xF3;n</subfield>
  </datafield>
  <datafield tag="264" ind1=" " ind2="4">
    <subfield code="a">M&#xE9;xcio :</subfield>
    <subfield code="b">Ediciones SIBEN,</subfield>
    <subfield code="c">&#xA9;2022.</subfield>
  </datafield>
  <datafield tag="300" ind1=" " ind2=" ">
    <subfield code="a">681 p&#xE1;ginas :</subfield>
    <subfield code="b">ilustraciones, fotograf&#xED;as, gr&#xE1;ficos, tablas ;</subfield>
    <subfield code="c">30 cm. </subfield>
  </datafield>
  <datafield tag="336" ind1=" " ind2=" ">
    <subfield code="a">texto</subfield>
    <subfield code="b">txt</subfield>
    <subfield code="2">rdacontent</subfield>
  </datafield>
  <datafield tag="337" ind1=" " ind2=" ">
    <subfield code="a">sin mediaci&#xF3;n</subfield>
    <subfield code="b">n</subfield>
    <subfield code="2">rdamedia </subfield>
  </datafield>
  <datafield tag="338" ind1=" " ind2=" ">
    <subfield code="a">volumen</subfield>
    <subfield code="b">nc</subfield>
    <subfield code="2">rdacarrier </subfield>
  </datafield>
  <datafield tag="500" ind1=" " ind2=" ">
    <subfield code="a">Incluye referencias bibliogr&#xE1;ficas al final de los cap&#xED;tulos</subfield>
  </datafield>
  <datafield tag="505" ind1=" " ind2=" ">
    <subfield code="a">Introducci&#xF3;n / Augusto Sola, 1.-- Antecedentes hist&#xF3;ricos de la ventilaci&#xF3;n neonatal / Augusto Sola, George A. Gregory, 5.-- Fisiolog&#xED;a Respiratoria Neonatal, 17.-- Principios B&#xE1;sicos de la Ventilaci&#xF3;n Mec&#xE1;nica, 65.-- Diferentes Modos de Apoyo Respiratorio, 97.-- Indicaciones de los Diferentes Modos de Apoyo Respiratorio, 157.-- Ventiladores Neonatales, 191.--Monitorizaci&#xF3;n del Reci&#xE9;n Nacido Ventilado, 211.-- Da&#xF1;o Inducido por la Ventilaci&#xF3;n, 289.-- Confort, Sedaci&#xF3;n, Analgesia y Bloqueo Neuromuscular Durante la Ventilaci&#xF3;n Mec&#xE1;nica, 343.-- Manejo Cl&#xED;nico General del Reci&#xE9;n Nacido que Requiere Apoyo de Ventilaci&#xF3;n y/o Oxigenaci&#xF3;n, 351.-- Interacciones Cardiopulmonares y Renales en el Reci&#xE9;n Nacido Ventilado, 389.-- Terap&#xE9;uticas, 417.-- Manejo Cl&#xED;nico de Alteraciones Respiratorias m&#xE1;s Frecuentes del Reci&#xE9;n Nacido, 469.-- Circulaci&#xF3;n Extra Corp&#xF3;rea, 587.-- Participaci&#xF3;n de los Padres en los Cuidados del Reci&#xE9;n del Nacido con Apoyo Respiratorio, 597.-- Aspectos &#xC9;ticos de la Ventilaci&#xF3;n Neonatal, 601.-- Ventilaci&#xF3;n no Excesiva ni Agresiva y Proceso de Destete o "Weaning" del Respirador, 609.-- Procesos para la Mejora en los Cuidados y los Resultados en la Ventilaci&#xF3;n Neonatal, 615.-- Red SIBEN, 619.-- Procesos Necesarios para la Ventilaci&#xF3;n Neonatal Exitosa, 631.-- Anexo I : Casos cl&#xED;nicos.-- Anexo II : Cuadros con informaci&#xF3;n pr&#xE1;ctica para el cuidado cl&#xED;nico de reci&#xE9;n del nacidos que requieren apoyo ventilatorio.-- &#xCD;ndice anal&#xED;tico, 669.</subfield>
  </datafield>
  <datafield tag="590" ind1=" " ind2=" ">
    <subfield code="a">Inventariado, 2025 /LP</subfield>
  </datafield>
  <datafield tag="700" ind1="1" ind2=" ">
    <subfield code="a">Cardetti, Marcelo </subfield>
    <subfield code="e">autor</subfield>
    <subfield code="4">aut.</subfield>
    <subfield code="9">87990</subfield>
  </datafield>
  <datafield tag="700" ind1="1" ind2=" ">
    <subfield code="a">Golombek, Sergio,</subfield>
    <subfield code="e">autor</subfield>
    <subfield code="4">aut.</subfield>
    <subfield code="9">87954</subfield>
  </datafield>
  <datafield tag="910" ind1=" " ind2=" ">
    <subfield code="a">LP</subfield>
  </datafield>
  <datafield tag="942" ind1=" " ind2=" ">
    <subfield code="2">ddc</subfield>
    <subfield code="c">LBS1</subfield>
  </datafield>
  <datafield tag="952" ind1=" " ind2=" ">
    <subfield code="0">0</subfield>
    <subfield code="1">0</subfield>
    <subfield code="2">ddc</subfield>
    <subfield code="5">1</subfield>
    <subfield code="7">0</subfield>
    <subfield code="8">PD</subfield>
    <subfield code="a">BNPHU</subfield>
    <subfield code="b">BNPHU</subfield>
    <subfield code="c">CT</subfield>
    <subfield code="d">2025-02-05</subfield>
    <subfield code="e">Dep&#xF3;sito Legal</subfield>
    <subfield code="l">0</subfield>
    <subfield code="o">xxx S684v</subfield>
    <subfield code="p">2025-2296</subfield>
    <subfield code="r">2025-04-01</subfield>
    <subfield code="w">2025-04-01</subfield>
    <subfield code="y">LBS1</subfield>
  </datafield>
  <datafield tag="952" ind1=" " ind2=" ">
    <subfield code="0">0</subfield>
    <subfield code="1">0</subfield>
    <subfield code="2">ddc</subfield>
    <subfield code="5">1</subfield>
    <subfield code="7">0</subfield>
    <subfield code="8">PD</subfield>
    <subfield code="a">BNPHU</subfield>
    <subfield code="b">BNPHU</subfield>
    <subfield code="c">CT</subfield>
    <subfield code="d">2025-02-05</subfield>
    <subfield code="e">Dep&#xF3;sito Legal</subfield>
    <subfield code="l">0</subfield>
    <subfield code="o">xxx S684v</subfield>
    <subfield code="p">2025-2297</subfield>
    <subfield code="r">2025-04-01</subfield>
    <subfield code="t">e.2</subfield>
    <subfield code="w">2025-04-01</subfield>
    <subfield code="y">LBS1</subfield>
  </datafield>
  <datafield tag="952" ind1=" " ind2=" ">
    <subfield code="0">0</subfield>
    <subfield code="1">0</subfield>
    <subfield code="2">ddc</subfield>
    <subfield code="5">6</subfield>
    <subfield code="7">0</subfield>
    <subfield code="8">DS</subfield>
    <subfield code="a">BNPHU</subfield>
    <subfield code="b">BNPHU</subfield>
    <subfield code="c">CT</subfield>
    <subfield code="d">2025-02-05</subfield>
    <subfield code="e">Dep&#xF3;sito Legal</subfield>
    <subfield code="l">0</subfield>
    <subfield code="o">xxx S684v</subfield>
    <subfield code="p">2025-2298</subfield>
    <subfield code="r">2025-04-01</subfield>
    <subfield code="t">e.3</subfield>
    <subfield code="w">2025-04-01</subfield>
    <subfield code="y">LBS1</subfield>
  </datafield>
  <datafield tag="999" ind1=" " ind2=" ">
    <subfield code="c">58536</subfield>
    <subfield code="d">58536</subfield>
  </datafield>
</record>
